000 00606nam a2200181Ia 4500
008 090124s9999 xx 000 0 und d
082 _b125702
100 _aदेसाई नयनतारा
245 _a पराक्रमाची शर्थ जाहली
250 _a1
260 _c1993
300 _a281
600 _aदेसाई नयनतारा
630 _a पराक्रमाची शर्थ जाहली
700 _aदेसाई नयनतारा
730 _a पराक्रमाची शर्थ जाहली
942 _cBOOK
999 _c171792
_d171792